| 000 | 00535nam a22001817a 4500 | ||
|---|---|---|---|
| 003 | 0 | ||
| 005 | 20240524091648.0 | ||
| 008 | 240524b xxu||||| |||| 00| 0 eng d | ||
| 020 | _a978-0-545-67954-1 | ||
| 050 |
_aER _bMa27 2014 |
||
| 082 |
_aER _bMa27 2014 |
||
| 245 | _aThe magic school bus presents ocean adventure | ||
| 260 |
_aNew York _bScholastic, Inc. _c2014 |
||
| 300 |
_a30 pages : _bcolored illustrations ; _c23cm. |
||
| 650 | _aOcean--Juvenile literature. | ||
| 650 | _aOcean--Childrens literature. | ||
| 942 |
_2ddc _cBK |
||
| 999 |
_c365989 _d365989 |
||